000 01463nam a2200373 i 4500
003 DO-SdBNP
005 20251008102741.0
007 ta
008 240611s2023 dr r 000 0 spa d
020 _a9789945511109
040 _aDO-SdBNP
_bspa
_cBNPHU
_erda
041 _aspa
082 4 _a301.0972
_bF372
_222
100 _aFerran, Fernando I.,
_eautor
_4aut.
_935398
245 1 3 _aLa isla de Santo Domingo :
_bsancocho cultural y rompecabezas histórico del Caribe /
_cFernando I. Ferrán ; cuidado de edición, María Carla Picón ; corrección, Siddhartha Mata
264 4 _aSanto Domingo :
_bINTEC,
_c©2023.
300 _a265 páginas ;
_c23 cm.
336 _atexto
_btxt
_2rdacontent
337 _asin mediación
_bn
_2rdamedia
338 _avolumen
_bnc
_2rdacarrier
500 _aIncluye datos biográficos del autor en la solapa de la cubierta.
500 _aIncluye referencias bibliográficas y notas al pie de las páginas.
504 _aBibliografías : páginas 241-265
590 _aInventariado, 2024/ YL
650 4 _aAntropología cultural
_914357
650 4 _aEmigración e inmigración
_zCaribe (Región)
_985631
650 4 _xHistoria
_zRepública Dominicana
650 4 _xHistoria
_zHaití
_985632
700 1 _aPicón, María Carla,
_eeditor
_4ed.
_983657
700 1 _aMata, Siddhartha,
_ecorrector
_4corr.
_985461
710 1 _aInstituto Tecnológico de Santo Domingo (Intec)
_985633
910 _aYLockward
942 _2ddc
_cLBS1
999 _c56812
_d56812